Southville International School and Colleges
Your cart is empty.
  • Cart
  • Lists
    Public lists Eva Luna New books Lux_list list_1
    Your lists Log in to create your own lists
  • Log in to your account
  • Your cookies
  • Search history
Southville International School and Colleges
  • Advanced search
  • Recent comments
  • Most popular
  • Libraries

Log in to your account

Log in with GOOGLE


If you do not have an external account, but do have a local account, you can still log in:

  1. Home
  2. MARC view: Once there was a house /
Normal view MARC view ISBD view

Once there was a house / (Record no. 113620)

[ view plain ]
MARC details
000 -LEADER
fixed length control field 00783nam a2200205 a 4500
001 - CONTROL NUMBER
control field 3600
005 - DATE AND TIME OF LATEST TRANSACTION
control field 20140414132031.0
008 - FIXED-LENGTH DATA ELEMENTS--GENERAL INFORMATION
fixed length control field 040603s19uu xx 00 eng d
020 ## - INTERNATIONAL STANDARD BOOK NUMBER
International Standard Book Number 0-394-88772-7
050 ## - LIBRARY OF CONGRESS CALL NUMBER
Classification number TR
Item number ON1 1996
100 ## - MAIN ENTRY--PERSONAL NAME
Personal name Hindley, Judy
245 ## - TITLE STATEMENT
Title Once there was a house /
Statement of responsibility, etc devised by Gregg Reyes; written by Judy Hindley; illustrated by Robert Bartelt.
260 ## - PUBLICATION, DISTRIBUTION, ETC. (IMPRINT)
Place of publication, distribution, etc New York :
Name of publisher, distributor, etc William Collins Sons,
Date of publication, distribution, etc 1996.
300 ## - PHYSICAL DESCRIPTION
Extent 1 v. (unp.) : ill. ; cm.
500 ## - GENERAL NOTE
General note TR\PS
520 ## - SUMMARY, ETC.
Summary, etc A small story of children playing imaginatively with cartons and other household materials used as houses, furniture, gas station, and tools is accompanied by the directions for making these things.
650 ## - SUBJECT ADDED ENTRY--TOPICAL TERM
Topical term or geographic name as entry element Play
General subdivision Fiction.
650 ## - SUBJECT ADDED ENTRY--TOPICAL TERM
Topical term or geographic name as entry element Handicraft.
Holdings
Withdrawn status Lost status Damaged status Use restrictions Home library Current library Shelving location Date acquired Source of acquisition Total Checkouts Full call number Barcode Date last seen Price effective from Koha item type
        Munich Library Munich Library Teachers Reference Section 06/03/2004     TR ON1 1996 M5219 04/14/2014 04/14/2014 Books

Once there was a house /

APA

Hindley J., . (1996). Once there was a house. New York: William Collins Sons.

Chicago

Hindley Judy, . 1996. Once there was a house. New York: William Collins Sons.

Harvard

Hindley J., . (1996). Once there was a house. New York: William Collins Sons.

MLA

Hindley Judy, . Once there was a house. New York: William Collins Sons. 1996.

  • Place hold
  • Print
  • Cite
  • Add to your cart (remove)
  • Save record
    BIBTEX Dublin Core MARCXML MARC (non-Unicode/MARC-8) MARC (Unicode/UTF-8) MARC (Unicode/UTF-8, Standard) MODS (XML) RIS
  • More searches
    Search for this title in:
    Other Libraries (WorldCat) Other Databases (Google Scholar) Online Stores (Bookfinder.com) Open Library (openlibrary.org)

Exporting to Dublin Core...

SOUTHVILLE LIBRARY

Southville International School and Colleges Library

1281 Tropical Ave. Cor. Luxembourg St., BF Homes International, Las Pinas City

Tel. No. 8256374 / 252358 Loc. 117/146

Powered by Koha